| 000 | 00462nam a2200193Ia 4500 | ||
|---|---|---|---|
| 008 | 210210b1902 xxu||||| |||| 00| 0 eng d | ||
| 041 | _aeng | ||
| 082 | _a825/410 | ||
| 100 | _aHARRISON (Frederic) | ||
| 245 | _aStudies in early Victorian literature | ||
| 260 |
_aLondon _bEdward Arnold _c1902 |
||
| 650 | _aVictorian | ||
| 650 | _aStudies | ||
| 650 | _aliterature | ||
| 650 | _ain | ||
| 650 | _aearly | ||
| 690 | _aEnglish Criticism | ||
| 906 | _a014726 | ||
| 999 |
_c133939 _d133939 |
||